Đánh giá khả năng kích thích tăng trưởng cây cà chua và phòng, trừ bệnh héo xanh do vi khuẩn Ralstonia Solanacearum của một số chủng vi khuẩn vùng rễ trong điều kiện nhà lưới : Luận văn tốt nghiệp Đại học

Đề tài nhằm chọn lọc các dòng (PGPRs) có khả năng kích thích tăng trưởng thực vật đồng thời giúp cây kiểm soát bệnh héo xanh.

Gespeichert in:
Bibliographische Detailangaben
1. Verfasser: Nhan, Hoàng Phong
Format: Buch
Sprache:Undetermined
Veröffentlicht: Cần Thơ Trường Đại học Cần Thơ 2008
Schlagworte:
Tags: Tag hinzufügen
Keine Tags, Fügen Sie den ersten Tag hinzu!
Thư viện lưu trữ: Trung tâm Học liệu Trường Đại học Cần Thơ
LEADER 01221nam a2200217Ia 4500
001 CTU_169446
008 210402s9999 xx 000 0 und d
082 |a 579.332 
082 |b Ph431 
100 |a Nhan, Hoàng Phong 
245 0 |a Đánh giá khả năng kích thích tăng trưởng cây cà chua và phòng, trừ bệnh héo xanh do vi khuẩn Ralstonia Solanacearum của một số chủng vi khuẩn vùng rễ trong điều kiện nhà lưới : 
245 0 |b Luận văn tốt nghiệp Đại học 
245 0 |c Nhan Hoàng Phong ; Trần Vũ Phến (Giáo viên hướng dẫn) 
260 |a Cần Thơ 
260 |b Trường Đại học Cần Thơ 
260 |c 2008 
520 |a Đề tài nhằm chọn lọc các dòng (PGPRs) có khả năng kích thích tăng trưởng thực vật đồng thời giúp cây kiểm soát bệnh héo xanh. 
650 |a Tomatoes,Vi khuẩn Ralstonia solanacearum,Cây cà chua,Ralstonia solanacearum 
650 |x Diseases and pests,Côn trùng và bệnh hại 
904 |i Quốc, Năm 
980 |a Trung tâm Học liệu Trường Đại học Cần Thơ